<?xml version="1.0" encoding="UTF-8"?>
<collection xmlns="http://www.loc.gov/MARC21/slim">
 <record>
  <leader>06048nam a2200457 a 4500</leader>
  <controlfield tag="001">kal1647</controlfield>
  <controlfield tag="003">Gr-AtHEAL</controlfield>
  <controlfield tag="005">20160425123938.0</controlfield>
  <controlfield tag="006">m        d        </controlfield>
  <controlfield tag="008">160413s2015    gr      s           gre|c</controlfield>
  <datafield tag="020" ind1=" " ind2=" ">
   <subfield code="a">9789606030109</subfield>
  </datafield>
  <datafield tag="040" ind1=" " ind2=" ">
   <subfield code="a">GR-AtHEAL</subfield>
   <subfield code="b">gre</subfield>
   <subfield code="c">GR-AtHEAL</subfield>
  </datafield>
  <datafield tag="082" ind1="0" ind2="4">
   <subfield code="a">658.4</subfield>
   <subfield code="2">23</subfield>
  </datafield>
  <datafield tag="100" ind1="1" ind2=" ">
   <subfield code="a">Γεωργόπουλος, Αντώνιος.</subfield>
   <subfield code="8">1337</subfield>
  </datafield>
  <datafield tag="245" ind1="1" ind2="0">
   <subfield code="a">Αναδιοργάνωση και μάνατζμεντ αλλαγών στις επιχειρήσεις</subfield>
   <subfield code="h">[Ηλεκτρονικός πόρος] </subfield>
   <subfield code="c">Γεωργόπουλος, Αντώνιος ; Κριτικός αναγνώστης,Πολυχρονίου, Παναγιώτης ; Τεχνική επιμέλεια,Φωτεινόπουλος, Μιχάλης Αναστάσιος ; Γλωσσική επιμέλεια,Τσιαδήμου, Αναστασία.</subfield>
  </datafield>
  <datafield tag="260" ind1=" " ind2=" ">
   <subfield code="a">Αθήνα :</subfield>
   <subfield code="b">Σύνδεσμος Ελληνικών Ακαδημαϊκών Βιβλιοθηκών,</subfield>
   <subfield code="c">c2015.</subfield>
  </datafield>
  <datafield tag="490" ind1=" " ind2=" ">
   <subfield code="a">Ακαδημαϊκά Ηλεκτρονικά Συγγράμματα και Βοηθήματα Κάλλιπος</subfield>
   <subfield code="8">40</subfield>
  </datafield>
  <datafield tag="520" ind1=" " ind2=" ">
   <subfield code="a">Το προτεινόμενο βιβλίο απευθύνεται στους προπτυχιακούς και μεταπτυχιακούς φοιτητές, στους ερευνητές, στους διδάσκοντες και σε όλους τους ειδικούς της διοίκησης, της οργάνωσης και της αναδιοργάνωσης επιχειρήσεων, δίνοντας έμφαση στην αναδιάρθρωση και το μετασχηματισμό των επιχειρηματικών δραστηριοτήτων, ο οποίος είναι απόρροια στρατηγικών εσωτερικών ή εξωτερικών αλλαγών του επιχειρηματικού περιβάλλοντος. Η όλη ανάλυση πραγματοποιείται έχοντας ως υπόβαθρο τη σκέψη ότι οι διαρκείς αλλαγές είναι σχεδόν η μόνη σταθερά στο σημερινό δυναμικό οικονομικο-κοινωνικό περιβάλλον. Το βιβλίο αυτό φιλοδοξεί να προσφέρει όσο το δυνατόν μια σφαιρική προσέγγιση των παραγόντων των επιχειρηματικών αλλαγών, επικεντρώνοντας ταυτόχρονα στην ενδολεχή ανάλυση των σημαντικότερων εξ΄αυτών. Ειδικότερο, το βιβλίο προσεγίζει εννοιολογικά και αναπτύσσει μεθοδικά όρους και φαινόμενα αλλαγών που αφορούν:- στον κύκλο ζωής των επιχειρήσεων- στη διεθνοποίηση των επιχειρηματικών δραστηριοτήτων- στην επιβιώση των επιχειρήσεων- στην επιχειρηματική αποτυχία- στις συγχωνεύσεις &amp; εξαγορές- στις ιδιωτικοποιήσεις- στη διαχείριση κρίσεων- στη διαχείριση εσωτερικών συγκρούσεων</subfield>
  </datafield>
  <datafield tag="650" ind1=" " ind2="0">
   <subfield code="a">Business planning</subfield>
   <subfield code="8">2422</subfield>
  </datafield>
  <datafield tag="650" ind1=" " ind2="0">
   <subfield code="a">Strategic planning</subfield>
   <subfield code="8">2423</subfield>
  </datafield>
  <datafield tag="653" ind1=" " ind2=" ">
   <subfield code="a">Μετασχηματσμός επιχειρήσεων</subfield>
  </datafield>
  <datafield tag="653" ind1=" " ind2=" ">
   <subfield code="a">Επίδοση επιχειρήσεων</subfield>
  </datafield>
  <datafield tag="653" ind1=" " ind2=" ">
   <subfield code="a">Συγχωνεύσεις και εξαγορές</subfield>
  </datafield>
  <datafield tag="653" ind1=" " ind2=" ">
   <subfield code="a">Διαχείριση κρίσεων</subfield>
  </datafield>
  <datafield tag="653" ind1=" " ind2=" ">
   <subfield code="a">Επιβίωση επιχειρήσεων</subfield>
  </datafield>
  <datafield tag="653" ind1=" " ind2=" ">
   <subfield code="a">Διεθνείς επιχειρήσεις</subfield>
  </datafield>
  <datafield tag="653" ind1=" " ind2=" ">
   <subfield code="a">Στρατηγική εταιρειών</subfield>
  </datafield>
  <datafield tag="653" ind1=" " ind2=" ">
   <subfield code="a">Οικονομικές επιστήμες</subfield>
   <subfield code="a">Οικονομική ανάπτυξη, τεχνολογική αλλαγή και ανάπτυξη</subfield>
   <subfield code="a">Τεχνολογική αλλαγή, έρευνα και ανάπτυξη, δικαιώματα πνευματικής ιδιοκτησίας</subfield>
  </datafield>
  <datafield tag="653" ind1=" " ind2=" ">
   <subfield code="a">Οικονομικές επιστήμες</subfield>
   <subfield code="a">Διοίκηση επιχειρήσεων και οικονομικά των επιχειρήσεων, μάρκετινγκ, λογιστική</subfield>
   <subfield code="a">Οικονομικά του προσωπικού</subfield>
  </datafield>
  <datafield tag="653" ind1=" " ind2=" ">
   <subfield code="a">Οικονομικές επιστήμες</subfield>
   <subfield code="a">Διοίκηση επιχειρήσεων και οικονομικά των επιχειρήσεων, μάρκετινγκ, λογιστική</subfield>
   <subfield code="a">Οικονομικά των επιχειρήσεων</subfield>
  </datafield>
  <datafield tag="653" ind1=" " ind2=" ">
   <subfield code="a">Οικονομικές επιστήμες</subfield>
   <subfield code="a">Βιομηχανική οργάνωση</subfield>
   <subfield code="a">Εταιρικοί στόχοι, οργάνωση και συμπεριφορά</subfield>
  </datafield>
  <datafield tag="653" ind1=" " ind2=" ">
   <subfield code="a">Οικονομικές επιστήμες</subfield>
   <subfield code="a">Βιομηχανική οργάνωση</subfield>
   <subfield code="a">Διάρθρωση της αγοράς, στρατηγική εταιρειών και επίδοση της αγοράς</subfield>
  </datafield>
  <datafield tag="653" ind1=" " ind2=" ">
   <subfield code="a">Οικονομικές επιστήμες</subfield>
   <subfield code="a">Διεθνής οικονομική</subfield>
   <subfield code="a">Παράγοντας διεθνούς/ων κίνησης/εων και διεθνείς επιχειρήσεις</subfield>
  </datafield>
  <datafield tag="653" ind1=" " ind2=" ">
   <subfield code="a">Οικονομικές επιστήμες</subfield>
   <subfield code="a">Βιομηχανική οργάνωση</subfield>
  </datafield>
  <datafield tag="653" ind1=" " ind2=" ">
   <subfield code="a">Οικονομικές επιστήμες</subfield>
   <subfield code="a">Διοίκηση επιχειρήσεων και οικονομικά των επιχειρήσεων, μάρκετινγκ, λογιστική</subfield>
   <subfield code="a">Διοίκηση επιχειρήσεων</subfield>
  </datafield>
  <datafield tag="700" ind1="1" ind2=" ">
   <subfield code="a">Πολυχρονίου, Παναγιώτης</subfield>
   <subfield code="e">Κριτικός αναγνώστης</subfield>
   <subfield code="8">1338</subfield>
  </datafield>
  <datafield tag="856" ind1="4" ind2="0">
   <subfield code="u">http://hdl.handle.net/11419/1647</subfield>
   <subfield code="z">Πλήρες Κείμενο - Full text</subfield>
  </datafield>
  <datafield tag="907" ind1=" " ind2=" ">
   <subfield code="a">.b25680882</subfield>
   <subfield code="b">12-06-18</subfield>
   <subfield code="c">29-07-16</subfield>
  </datafield>
  <datafield tag="949" ind1=" " ind2=" ">
   <subfield code="0">0</subfield>
   <subfield code="1">0</subfield>
   <subfield code="2">ddc</subfield>
   <subfield code="4">0</subfield>
   <subfield code="6">658_400000000000000_ΓΕΩ</subfield>
   <subfield code="7">0</subfield>
   <subfield code="8">KALL</subfield>
   <subfield code="8">847</subfield>
   <subfield code="d">2016-04-13</subfield>
   <subfield code="r">2016-04-13</subfield>
   <subfield code="w">2016-04-13</subfield>
   <subfield code="z">658.4 ΓΕΩ</subfield>
   <subfield code="o">SEAB KALLIPOS</subfield>
  </datafield>
  <datafield tag="998" ind1=" " ind2=" ">
   <subfield code="a">80</subfield>
   <subfield code="a">01</subfield>
   <subfield code="a">02</subfield>
   <subfield code="a">03</subfield>
   <subfield code="a">04</subfield>
   <subfield code="a">05</subfield>
   <subfield code="a">06</subfield>
   <subfield code="a">07</subfield>
   <subfield code="a">08</subfield>
   <subfield code="a">09</subfield>
   <subfield code="a">10</subfield>
   <subfield code="a">11</subfield>
   <subfield code="a">12</subfield>
   <subfield code="a">13</subfield>
   <subfield code="a">14</subfield>
   <subfield code="a">15</subfield>
   <subfield code="a">16</subfield>
   <subfield code="a">17</subfield>
   <subfield code="a">18</subfield>
   <subfield code="a">19</subfield>
   <subfield code="a">20</subfield>
   <subfield code="a">21</subfield>
   <subfield code="a">22</subfield>
   <subfield code="a">23</subfield>
   <subfield code="a">24</subfield>
   <subfield code="a">25</subfield>
   <subfield code="a">26</subfield>
   <subfield code="b">22-05-17</subfield>
   <subfield code="c">m</subfield>
   <subfield code="d">z  </subfield>
   <subfield code="e">-</subfield>
   <subfield code="f">gre</subfield>
   <subfield code="g">gr </subfield>
   <subfield code="h">0</subfield>
  </datafield>
  <datafield tag="942" ind1=" " ind2=" ">
   <subfield code="2">ddc</subfield>
   <subfield code="c">KALLIPOS</subfield>
  </datafield>
 </record>
</collection>
